000 00331 a2200109 4500
001 ART_31275
005 20260410161840.0
008 260409a
245 1 0 _aEl recurso de apelación del artículo 32 de la Ley Nº 24.521
100 1 _aMolina, Marcela
773 0 _tRAP
_g- Año 36, Nº 421 (oct. 2013)
_wREV5941
999 _c24012
_d24012